Torres para telecomunicaciones
Wedi'i Gadw mewn:
| Prif Awdur: | |
|---|---|
| Fformat: | Anhysbys |
| Cyhoeddwyd: |
[San José, Costa Rica]
1979
|
| Pynciau: | |
| Tagiau: |
Ychwanegu Tag
Dim Tagiau, Byddwch y cyntaf i dagio'r cofnod hwn!
|
MARC
| LEADER | 00000 a2200000 4500 | ||
|---|---|---|---|
| 003 | 001058 | ||
| 005 | 20221231143737.0 | ||
| 008 | 140114s1979 c a m 000 ||s d | ||
| 040 | |c cru CEDI | ||
| 090 | |a TFG 865 | ||
| 100 | |a González Meléndez, Jorge Eduardo |9 16176 | ||
| 245 | |a Torres para telecomunicaciones | ||
| 260 | |c 1979 |a [San José, Costa Rica] | ||
| 300 | |a [94] hojas : ilustraciones, foto. montadas (algunas a color) ; 28 cm | ||
| 500 | |a Tesis (ingeniero civil)--Universidad de Costa Rica. | ||
| 650 | |x TELECOMUNICACIONES |9 16177 | ||
| 942 | |c TFG | ||
| 999 | |c 11149 |d 11149 | ||
